000 03390nam0a2200457 4500
001 RU\NLR\BIBL_A\012910678
005 20221102111012.0
010 _a978-5-98364-109-9
_9600
021 _aRU
_bАЛ-П-22-00682и
_9АЛ-П-22-0133
035 _a(NLR Aleph) 012910678
035 _a(RuMoRGB)011169790
090 _a12613381
_c12613381
100 _a20221017d2022 u y0rusy50 ca
101 0 _arus
_aeng
102 _aRU
105 _aac z 010zy
181 0 _ab3
_bxb2e
181 0 _ai2
_baxxe
182 0 _an
200 1 _aАльбом ледяных образований в морях
_dAlbum of ice formations in the seas
_e35-летию Центра "Север" посвящается
_fМасанов Андрей Дмитриевич
_g[редактор-составитель: Скутина Н. В.]
_gФедеральная служба по гидрометеорологии и мониторингу окружающей среды, Федеральное государственное бюджетное учреждение "Арктический и антарктический научно-исследовательский институт"
_zeng
203 _aИзображение
_aТекст
_bвизуальные
_cнепосредственные
210 _aСанкт-Петербург
_cААНИИ
_d2022
215 _a139 с.
_cил., цв. ил., портр.
_d23х31
300 _aНа обл. авт. не указан
300 _aАвт. также на англ. яз.: Masanov Andrey
300 _aТекст парал. рус., англ.
330 _aМужчина с белой бородой и пронзительными глазами - человек-легенда. Андрей Масанов. Такие люди запоминаются сразу и на всю жизнь. Выпускник кафедры океанологии ЛГУ, он всю жизнь отдал полярным широтам. Ледовый разведчик от Бога, блестящий знаток ледяного режима всех замерзающих морей России. Великолепный рассказчик, Андрей заслужил в ААНИИ прозвище "говорящая голова", чем немало гордится. В этом году Андрей "заводил" "Академика Федорова" на Северный Полюс. Вечер с ним был просто срывающим крышу. Каскад великолепных полярных баек, смешных, интересных, умных
510 1 _6z22790
_aAlbum of ice formations in the seas
_zeng
606 1 _aМорской лед
_yАрктические моря
_jАльбомы
_2nlr_sh1
_2nlr_sh2
_3RU\NLR\AUTH\6667484
606 1 _aМорской лед
_yАнтарктические моря
_jАльбомы
_2nlr_sh1
_2nlr_sh2
_3RU\NLR\AUTH\6668273
675 _a551.46.062.7(084)
_v4
686 1 _aД221.59(91)я61
686 1 _aД221.59(95)я61
700 1 _aМасанов
_bА. Д.
_gАндрей Дмитриевич
702 1 _aСкутина
_bН. В.
_4220
790 1 _6z22510
_aMasanov
_bA. D.
_gAndrej Dmitrievič
942 _cBOOK
980 _aNB